[Event "Tel Aviv (Women)"]
[Site "Tel Aviv"]
[Date "2001.03.01"]
[Round "9"]
[White "Shapira, Lilia"]
[Black "Len, Irina"]
[Result "0-1"]
[WhiteElo "2049"]
[BlackElo "2118"]
[PlyCount "140"]
[EventDate "2001.02.20"]
[EventType "tourn"]
[EventRounds "9"]
[EventCountry "ISR"]
[SourceTitle "EXT 2002"]
[Source "ChessBase"]
[SourceDate "2001.11.25"]
[SourceVersion "1"]
[SourceVersionDate "2001.11.25"]
[SourceQuality "1"]

1. e4 c5 2. Nc3 Nc6 3. f4 g6 4. Nf3 Bg7 5. Bc4 e6 6. f5 gxf5 7. d3 Ne5 8. 0-0 Nxf3+ 9. Qxf3 Qh4 10. g3 Qg4 11. exf5 Qxf3 12. Rxf3 a6 13. fxe6 fxe6 14. Bg5 Bd4+ 15. Kf1 h6 16. Bh4 Bxc3 17. bxc3 Ne7 18. Kg1 b5 19. Bb3 Bb7 20. Rf6 Rh7 21. Re1 Ng8 22. Rf5 Rc8 23. Bd5 Bxd5 24. Rxd5 Ne7 25. Rh5 Kf8 26. Bxe7+ Kxe7 27. Re4 d5 28. Rxd5 h5 29. Rde5 Rh6 30. Rh4 Kd6 31. Rhxh5 Rf6 32. Re2 Rcf8 33. Rhe5 a5 34. Re1 b4 35. c4 a4 36. R5e2 R8f7 37. Kg2 Kd7 38. h3 e5 39. g4 e4 40. Rd2 exd3 41. Rxd3+ Kc6 42. Re2 Rf4 43. Kg3 Rxc4 44. g5 Rf5 45. h4 Rff4 46. Re6+ Kb5 47. Rdd6 Rg4+ 48. Kf3 Rcf4+ 49. Ke3 Rxh4 50. g6 Rfg4 51. Kf3 Rg1 52. Rd7 Rhg4 53. Rdd6 R1g3+ 54. Ke2 Ra3 55. Rd1 Rg2+ 56. Kf1 Rag3 57. Rd3 Rxg6 58. Rxg6 Rxg6 59. Ke2 Rg2+ 60. Kd1 Rg1+ 61. Kd2 Ra1 62. Rh3 Rxa2 63. Kc1 Ra3 64. Rh4 Rc3 65. Kb2 a3+ 66. Kb1 c4 67. Rh5+ Ka4 68. Rh8 a2+ 69. Ka1 b3 70. Ra8+ Kb5 0-1